[Event "Pan American-ch School U13 12th"]
[White "Wochiny Reyes, Joaquin Alessandro"]
[Black "Carrasco Duffaut, Carlos Joaquin"]
[Site "Callao"]
[Round "8"]
[Result "1-0"]
[Date "2023.10.20"]
[WhiteElo "1279"]
[BlackElo "1029"]
[PlyCount "64"]
[EventDate "2023.10.16"]
[EventType "swiss"]
[EventRounds "9"]
[EventCountry "PER"]
[SourceTitle "CBM 217 Extra"]
[Source "ChessBase"]
[SourceDate "2024.01.31"]
[SourceVersion "1"]
[SourceVersionDate "2024.01.31"]
[SourceQuality "1"]

1. e4 c5 2. d4 cxd4 3. c3 dxc3 4. Nxc3 e5 5. Bc4 Nf6 6. Qb3 Qe7 7. Bg5 g6 8. Nd5 Nxd5 9. Bxe7 Bxe7 10. Bxd5 0-0 11. Rc1 Na6 12. Ne2 Nc5 13. Qe3 d6 14. 0-0 Ne6 15. Bxe6 Bxe6 16. Rc7 Bd8 17. Rxb7 Bxa2 18. Rxa7 Rxa7 19. Qxa7 Bc4 20. Re1 Bxe2 21. Rxe2 Bg5 22. Rc2 Kg7 23. g3 Bh6 24. Rc7 Kg8 25. Rd7 Bc1 26. b4 Bb2 27. Rxd6 Bc3 28. b5 Bb4 29. Rd7 Bc3 30. Qc7 Bd4 31. Rd8 Rxd8 32. Qxd8+ Kg7 1-0